000 00465nam a2200181Ia 4500
001 2503
005 20260306144812.0
008 260306t2014||||xx |||||||||||||| ||spa||
041 _aESP
082 _a616.8914
_bB166
100 _aBoon, Suzette
_eAUT
245 0 _aVivir con disociación traumática:
_bentrenamiento de habilidades para pacientes y terapeutas
260 _c2014
300 _a
_c
650 _aGEN
654 _aCPS
942 _cLIB
_dJUS
_fJUS
_2ddc
_n
999 _c2503
_d2503